Welcome to the Holygrace Academy Library

Please use search bar below to get started

SWATHITHIRUNAL (Record no. 4402)

MARC details
000 -LEADER
fixed length control field 00303nam a22001337a 4500
082 ## - DEWEY DECIMAL CLASSIFICATION NUMBER
Classification number 494
Item number UNN/S
100 ## - MAIN ENTRY--AUTHOR NAME
Personal name UNNIKRISHNAN, K.G
245 ## - TITLE STATEMENT
Title SWATHITHIRUNAL
250 ## - EDITION STATEMENT
Edition statement FIRST
260 ## - PUBLICATION, DISTRIBUTION, ETC. (IMPRINT)
Place of publication TRIVANDRUM
Name of publisher RASHTRIYA HINDI SAHITHYA SAMMELAN
Year of publication 2018
300 ## - PHYSICAL DESCRIPTION
Number of Pages 116
650 ## - SUBJECT ADDED ENTRY--TOPICAL TERM
Topical Term PLAY
Geographic subdivision KERALA
942 ## - ADDED ENTRY ELEMENTS (KOHA)
Koha item type Books
Holdings
Withdrawn status Lost status Collection code Home library Current library Shelving location Date acquired Source of acquisition Full call number Accession Number Koha item type Cost, normal purchase price
    Non-fiction Main Library Main Library   28/11/2018 PURCHASE 494 UNN/S 10373 Books  
    Non-fiction Main Library Main Library   28/11/2018 PURCHASE 494 UNN/S 10374 Books 150.00